Take one surveyor (Record no. 104020)

MARC details
000 -LEADER
fixed length control field 00884cam a22002295a 4500
001 - CONTROL NUMBER
control field ##L128814
008 - FIXED-LENGTH DATA ELEMENTS--GENERAL INFORMATION
fixed length control field 050216s2004 xxkco g 000 0aeng u
020 ## - INTERNATIONAL STANDARD BOOK NUMBER
International Standard Book Number 1841040983
035 ## - SYSTEM CONTROL NUMBER
System control number (Sirsi) u128814
041 0# - LANGUAGE CODE
Language code of text/sound track or separate title eng
050 04 - LIBRARY OF CONGRESS CALL NUMBER
Classification number 920 $2 18
100 1# - MAIN ENTRY--PERSONAL NAME
Personal name Clutton, Rafe
Titles and words associated with a name 1929-
245 00 - TITLE STATEMENT
Title Take one surveyor
Remainder of title an autobiography by Rafe Clutton, Fellow of the Royal Institution of Chartered Surveyors
260 ## - PUBLICATION, DISTRIBUTION, ETC.
Place of publication, distribution, etc. Stanhope
Name of publisher, distributor, etc. The Memoir Club
Date of publication, distribution, etc. 2004
300 ## - PHYSICAL DESCRIPTION
Extent xii, 212p.
Other physical details ill.
Dimensions 24cm.
350 ## - PRICE (NR) (BK AM CF MU VM SE) [OBSOLETE]
Price 17.50
520 ## - SUMMARY, ETC.
Summary, etc. The autobiography of Rafe Clutton, a sixth generation chartered surveyor. Includes his work as Receiver to the Crown Estate between 1968 and 1993, and for the Church Commissioners, and management of large urban estates.
650 ## - SUBJECT ADDED ENTRY--TOPICAL TERM
Topical term or geographic name entry element BIOGRAPHY
651 #4 - SUBJECT ADDED ENTRY--GEOGRAPHIC NAME
Geographic name United Kingdom
690 ## - LOCAL SUBJECT ADDED ENTRY--TOPICAL TERM (OCLC, RLIN)
Topical term or geographic name as entry element ABOUT RICS-RICS MEMBERS-CHARTERED SURVEYORS
942 ## - ADDED ENTRY ELEMENTS (KOHA)
Suppress in OPAC 0
Source of classification or shelving scheme Dewey Decimal Classification
Holdings
Withdrawn status Lost status Source of classification or shelving scheme Damaged status Not for loan Home library Current library Shelving location Date acquired Total Checkouts Full call number Barcode Date last seen Date last checked out Copy number Price effective from Koha item type
    Dewey Decimal Classification     London London Books 16/02/2005 6 920 CLU 30070888 06/08/2019 11/03/2008 1 06/08/2019 Book